The new cambridge english course; practice 3 + key, intermediate /

Guardado en:
Autor Principal: Swan, Michael
Formato: Libro
Publicado: Inglaterra : Cambridge University, 1992
Etiquetas: Agregar Etiqueta
Sin Etiquetas, Sea el primero en etiquetar este registro!
LEADER 00450nam a22001455a 4500
001 CEM.cems007407
005 20060214000000.0
008 130507s1992##################000#0#####d
003 CEMS
082 0 4 |a 428.64 
100 1 |a Swan, Michael 
245 1 0 |a The new cambridge english course; practice 3 + key, intermediate / 
260 |a Inglaterra :  |b Cambridge University,  |c 1992 
300 |a 128 p.1 
859 |a CEMS  |b BIB. CEMS - 11 de abril  |h 428.64  |i Sw99-1/3  |p 17306.93  |t Ej.1